000 00644nam a2200241Ia 4500
003 OSt
005 20220918174308.0
006 a|||||r|||| 00| 0
007 ta
008 220917b |||||||| |||| 00| 0 eng d
024 _a11,517
037 _cTextual
040 _aARTS
_cARTS
_beng
041 _2eng
_aeng
082 _a/\2wM53, L7
245 0 _aSri Sarada Devi
_b the Holy mother translated from Bengali by Swami Nikhilananda
250 _a5th
260 _aMadrasSri
_bRamakrishna Math
_c1977
300 _a210p.
_ccm.
650 _aSPIRITUALISM
942 _h/\2wM53, L7
_cTEXL
_2CC
999 _c152616
_d152616